Statistiques concernant 60 personnages aux cheveux Blanc / Grisâtre ( anime / manga )

Cliquez ici pour prendre le quiz!

Statistiques générales

  • Ce quiz a été pris 55 fois
  • Le résultat moyen est 20 sur 60

Statistiques - réponses

Réponse% Correct
Kakashi
95%
Kirua
93%
Gojo
89%
Jiraya
89%
Ban
80%
Ken Kaneki
80%
Tobirama
70%
Uzui Tengen
68%
Dabi
64%
Rayleigh
59%
Gin
55%
Griffith
52%
Kaguya
52%
Garou
45%
Mei Mei
45%
Near
45%
Scar
45%
Elfman
43%
Mirajane
43%
Norman
43%
Gintoki
41%
Pitou
41%
Lisana
39%
Nagi
39%
Sanemi
36%
Suigetsu
36%
Toshiro Hitsugaya
36%
Toge
34%
Inuyasha
32%
Momoshiki
32%
Gabimaru
30%
Sorano / Angel
30%
Soul Eater Evans
27%
Emilia
20%
Juuzou Suzuya
20%
Komugi
20%
Archer
18%
Enrico Pucci
18%
Izana
14%
Arima
11%
Innocent Zero
11%
Ryuken
11%
Sho
11%
Decim
9%
Isane
9%
Itsuomi
9%
Kanade
9%
Makishima
9%
Undertaker
9%
Allen Walker
7%
Barns
7%
Fiona
7%
Kei
7%
Najenda
7%
Sesshomaru
7%
Shiro
7%
Raizen
5%
Utikate
5%
Byakuran
2%
Rabo
2%

Distribution des résultats

Percentile par nombre de réponses

% des personnes avec chaque résultat

Votre développement - résultats

Vous n’avez pas pris ce quiz